00591nam a2200217Ia 450000500170000000800410001702000180005804100120007608200170008810000200010524500650012525000120019026000360020230000200023865000210025865000190027965000210029865000120031970000170033170000250034820260429111850.0260429s9999||||xx |||||||||||||| ||und|| a9788197654602 aEnglish a537.622bCHA aChandra, Suresh 0aThermal physics and semiconductor devices / cSuresh Chandra a1st ed. aNew Delhi : bAne Books,c2025. axii, 295 p.; hb a Electrodynamics a Semiconductor a Thermal physics aPhysics a Kumar, Amit a Sharma, Mohit Kumar